| 000 | 00000nam 2200000za 4500 |
| 001 | 9.695631 |
| 003 | CaOODSP |
| 005 | 20220419134044 |
| 007 | cr ||||||||||| |
| 008 | 150407|2002||||xxc|||||o f|0| 0 eng d |
| 040 | |aCaOODSP|beng |
| 043 | |an-cn--- |
| 086 | 1 |aCi63-19/2002E-PDF |
| 110 | 1 |aCanada. |bCitizenship and Immigration Canada. |
| 245 | 12|aA newcomer's introduction to Canada / |h[electronic resource]|c[Issued by] Citizenship and Immigration Canada. |
| 250 | |a2002 ed. |
| 260 | |aOttawa - Ontario : |bCitizenship and Immigration Canada |cc2002. |
| 300 | |a42p.|bmap, photographs |
| 500 | |aThe catalogue number (Ci63-19/2002E) and ISBN (0-662-31658-4) for the print edition have been incorrectly copied in this electronic publication. |
| 590 | |a12-18-Supp|b2012-04-25 |
| 690 | 07|aCitizenship|2gcpds |
| 690 | 07|aImmigrants|2gcpds |
| 775 | 08|tLe Canada et les nouveaux arrivants / |w(CaOODSP)9.639763 |
| 776 | 0#|tA newcomer's introduction to Canada |w(CaOODSP)9.648470 |
| 794 | |tA newcomer's introduction to Canada / |w(CaOODSP)9.696123 |
| 856 | 40|ahttp://publications.gc.ca|qPDF|s832 KB|uhttps://publications.gc.ca/collections/Collection/Ci63-19-2002E.pdf |
| 986 | |aC&I-031-07-02E |